000 00442nam a2200181Ia 4500
005 20240823041453.0
008 240823s9999||||xx |||||||||||||| ||und||
041 _aENGLISH
082 _A338.74
100 _aSankar T L
245 0 _aManagement of State level public Enterprises in India
250 _a1st
260 _b"Print Well,Cal"
500 _aYES
650 _aManagement
_bManagement Studies
942 _cBK
999 _c205576
_d205576